Statistics for Most expensive football transfers - English players

Click here to take the quiz!

General Stats

  • This quiz has been taken 38 times
  • The average score is 10 of 10

Answer Stats

Fee (M €)SeasonLeftJoinedPlayer% Correct
95,002023-2024TottenhamBayern MunichHarry Kane
100%
63,702015-2016LiverpoolManchester CityRaheem Sterling
100%
56,202022-2023Manchester CityChealseaRaheem Sterling
100%
116,602023-2024West HamArsenalDeclan Rice
97%
117,502021-2022Aston VillaManchester CityJack Grealish
97%
85,002021-2022Borussia DortmundManchester UnitedJadon Sancho
97%
103,002023-2024Borussia DortmundReal MadridJude Bellingham
97%
64,202023-2024ChelseaManchester United
Mason Mount
92%
87,002019-2020LeicesterManchester UnitedHarry Maguire
89%
58,502021-2022BrightonArsenalBen White
86%

Score Distribution

Percentile by Number Answered

Percent of People with Each Score

Your Score History

You have not taken this quiz